|
|
|
|
| LEADER |
00000nkm a2200000 a 4500 |
| 001 |
vtls010652791 |
| 003 |
SK-MaSNL |
| 005 |
20260512123955.0 |
| 007 |
kp co |
| 008 |
231206s1973 xo g kzslo |
| 035 |
|
|
|a B9C54E8B-4DCF-4383-859C-FED6CBFC968C
|
| 035 |
|
|
|a urn:nbn:sk:snk-kmxwrt
|
| 035 |
|
|
|a urn:nbn:sk:snk-km002wev
|
| 040 |
|
|
|a SNK
|b slo
|c SNK
|e AACR2
|
| 041 |
0 |
|
|a slo
|
| 044 |
|
|
|a xo
|c SK
|
| 080 |
|
|
|a (437.6-17)
|2 2001
|
| 080 |
|
|
|a (084.121)
|2 2001
|
| 100 |
1 |
|
|a Hamza, Štefan
|c (fotograf)
|4 aut
|4 pht
|9 193154
|
| 245 |
1 |
0 |
|a Pozdrav z Vysokých Tatier
|h grafika
|b Velická dolina, Kvetnicová veža (2425 m, vľavo), sedielko nad Kotlom a Čertova veža v masíve Gerlachovského štítu : horský hotel Sliezsky dom (1670 m) vo Velickej doline : vo Velickej doline : Velická dolina : horský hotel Sliezsky dom (1670 m) vo Velickej doline
|c foto: Štefan Hamza
|
| 260 |
|
|
|a Bratislava
|b Pravda
|c [1973]
|
| 300 |
|
|
|a 1 pohľadnica
|b farebná
|c 11 x 15 cm
|
| 520 |
8 |
|
|a Zobrazenie: 5 čiastkových pohľadov
|
| 651 |
|
7 |
|a Vysoké Tatry (Poľsko a Slovensko : pohorie)
|2 SNKPHgeo
|9 67729
|
| 655 |
|
7 |
|a geografické pohľadnice
|2 SNKPH
|9 70522
|
| 655 |
|
7 |
|a miestne pohľadnice
|2 SNKPH
|9 70510
|
| 852 |
|
|
|a Slovenská národná knižnica
|
| 958 |
|
|
|a GC
|
| 958 |
|
|
|a GBN
|
| 958 |
|
|
|a OND
|
| 999 |
|
|
|c 845239
|d 847169
|
| 952 |
|
|
|a SNK
|b SNK
|y PREZ
|7 0
|p 17A1122161
|o snkSP 152435
|i snk2015/4271
|8 3
|g 0.50
|0 0
|1 0
|4 0
|d 2015-02-06
|f 1
|l 0
|r 2026-02-24 04:24:28
|w 2026-02-24
|